<?xml version="1.0" encoding="UTF-8"?>
<record
    xmlns:xsi="http://www.w3.org/2001/XMLSchema-instance"
    xsi:schemaLocation="http://www.loc.gov/MARC21/slim http://www.loc.gov/standards/marcxml/schema/MARC21slim.xsd"
    xmlns="http://www.loc.gov/MARC21/slim">

  <leader>00781nam a2200181Ia 4500</leader>
  <controlfield tag="008">151018s9999    xx            000 0 und d</controlfield>
  <datafield tag="082" ind1=" " ind2=" ">
    <subfield code="b">RBASDV2780</subfield>
    <subfield code="a">920</subfield>
  </datafield>
  <datafield tag="100" ind1=" " ind2=" ">
    <subfield code="a">&#x92E;&#x93E;&#x927;&#x935;  &#x915;&#x93E;&#x928;&#x93F;&#x91F;&#x915;&#x930;</subfield>
  </datafield>
  <datafield tag="245" ind1=" " ind2=" ">
    <subfield code="a">&#x92D;&#x93E;&#x930;&#x924;&#x93E;&#x91A;&#x947; &#x92D;&#x93E;&#x917;&#x94D;&#x92F;&#x935;&#x93F;&#x927;&#x93E;&#x924;&#x947; &#x930;&#x935;&#x940;&#x902;&#x926;&#x94D;&#x930;&#x928;&#x93E;&#x925; &#x91F;&#x93E;&#x917;&#x94B;&#x930;</subfield>
  </datafield>
  <datafield tag="250" ind1=" " ind2=" ">
    <subfield code="b">1</subfield>
  </datafield>
  <datafield tag="260" ind1=" " ind2=" ">
    <subfield code="b">&#x915;&#x941;&#x933;&#x915;&#x930;&#x94D;&#x923;&#x940; &#x917;&#x902;&#x917;&#x93E;&#x927;&#x930;</subfield>
    <subfield code="c">1959</subfield>
  </datafield>
  <datafield tag="300" ind1=" " ind2=" ">
    <subfield code="a">14</subfield>
  </datafield>
  <datafield tag="600" ind1=" " ind2=" ">
    <subfield code="a">&#x92E;&#x93E;&#x927;&#x935;  &#x915;&#x93E;&#x928;&#x93F;&#x91F;&#x915;&#x930;</subfield>
  </datafield>
  <datafield tag="630" ind1=" " ind2=" ">
    <subfield code="a">&#x92D;&#x93E;&#x930;&#x924;&#x93E;&#x91A;&#x947; &#x92D;&#x93E;&#x917;&#x94D;&#x92F;&#x935;&#x93F;&#x927;&#x93E;&#x924;&#x947; &#x930;&#x935;&#x940;&#x902;&#x926;&#x94D;&#x930;&#x928;&#x93E;&#x925; &#x91F;&#x93E;&#x917;&#x94B;&#x930;</subfield>
  </datafield>
  <datafield tag="700" ind1=" " ind2=" ">
    <subfield code="a">&#x92E;&#x93E;&#x927;&#x935;  &#x915;&#x93E;&#x928;&#x93F;&#x91F;&#x915;&#x930;</subfield>
  </datafield>
  <datafield tag="730" ind1=" " ind2=" ">
    <subfield code="a">&#x92D;&#x93E;&#x930;&#x924;&#x93E;&#x91A;&#x947; &#x92D;&#x93E;&#x917;&#x94D;&#x92F;&#x935;&#x93F;&#x927;&#x93E;&#x924;&#x947; &#x930;&#x935;&#x940;&#x902;&#x926;&#x94D;&#x930;&#x928;&#x93E;&#x925; &#x91F;&#x93E;&#x917;&#x94B;&#x930;</subfield>
  </datafield>
  <datafield tag="942" ind1=" " ind2=" ">
    <subfield code="c">BOOK</subfield>
  </datafield>
  <datafield tag="999" ind1=" " ind2=" ">
    <subfield code="c">1005196</subfield>
    <subfield code="d">1005193</subfield>
  </datafield>
  <datafield tag="952" ind1=" " ind2=" ">
    <subfield code="0">0</subfield>
    <subfield code="1">0</subfield>
    <subfield code="4">0</subfield>
    <subfield code="7">0</subfield>
    <subfield code="a">RBASDV</subfield>
    <subfield code="b">RBASDV</subfield>
    <subfield code="d">1960-03-31</subfield>
    <subfield code="g">7.00</subfield>
    <subfield code="l">0</subfield>
    <subfield code="o">RBASDV2780</subfield>
    <subfield code="p">RBASDV2780</subfield>
    <subfield code="r">2015-10-18 00:00:00</subfield>
    <subfield code="v">7.00</subfield>
    <subfield code="w">2015-10-18</subfield>
    <subfield code="y">BOOK</subfield>
  </datafield>
</record>
